Vybrané transformácie pre aproximáciu tvárí

Guardado en:
Detalles Bibliográficos
Autor principal: Holeš, Štefan (Autor)
Otros Autores: Pavlovičová, Jarmila, 1963- (Orientador)
Formato: Manuscrito Libro
Lenguaje:eslovaco
Publicado: Bratislava : STU v Bratislave FEI, 2003
Materias:
Etiquetas: Agregar Etiqueta
Sin Etiquetas, Sea el primero en etiquetar este registro!

MARC

LEADER 00000ntm a22000003a 4500
001 stu83539
005 20160719164726.5
008 040129s2003------------------------slo-d
040 |a STU  |b slo 
041 0 |a slo 
100 1 |a Holeš, Štefan  |4 aut 
245 1 |a Vybrané transformácie pre aproximáciu tvárí 
260 |a Bratislava :  |b STU v Bratislave FEI,  |c 2003 
300 |a 44 s  |c príl. 
650 7 |a Telekomunikácie  |2 stusub 
700 1 |a Pavlovičová, Jarmila,  |d 1963-  |4 ths  |u E070  |U FEI Fakulta elektrotechniky a informatiky  |T FEI Ústav telekomunikácií  |X 1872  |U E070  |Y 818  |7 A000001872